Nanotechnology Revolution (Record no. 299163)
[ view plain ]
| 000 -LEADER | |
|---|---|
| fixed length control field | 00297 a2200121 4500 |
| 001 - CONTROL NUMBER | |
| control field | 64090 |
| 082 ## - DEWEY DECIMAL CLASSIFICATION NUMBER | |
| Classification number | 620.521 DIW |
| 090 ## - LOCALLY ASSIGNED LC-TYPE CALL NUMBER (OCLC); LOCAL CALL NUMBER (RLIN) | |
| -- | 37861 |
| -- | 37861 |
| 100 ## - MAIN ENTRY--PERSONAL NAME | |
| Personal name | Diwan.Parag,Dr |
| 245 ## - TITLE STATEMENT | |
| Title | Nanotechnology Revolution |
| Medium | English |
| 260 ## - PUBLICATION, DISTRIBUTION, ETC. | |
| Place of publication, distribution, etc. | New Delhi |
| Name of publisher, distributor, etc. | Pentagon Press |
| Date of publication, distribution, etc. | 2006 |
| 300 ## - PHYSICAL DESCRIPTION | |
| Extent | xvii, 317p. |
| 942 ## - ADDED ENTRY ELEMENTS (KOHA) | |
| Institution code [OBSOLETE] | NUST-CAE |
| Call number prefix | 620.521 DIW |
| Withdrawn status | Lost status | Damaged status | Not for loan | Collection code | Permanent Location | Current Location | Date acquired | Total Checkouts | Full call number | Barcode | Date last seen | Price effective from | Koha item type |
|---|---|---|---|---|---|---|---|---|---|---|---|---|---|
| College of Aeronautical Engineering (CAE) | College of Aeronautical Engineering (CAE) | 04/03/2017 | 620.521 DIW | CAEN-4202 | 04/05/2017 | 04/05/2017 | Book |
